00321nam a2200133Ia 45000030006000000080041000060400015000471000017000622450060000792500010001392600009001495460012001580050017001700STCL150530s9999 xx 000 0 und d aSTCLcSTCL aMegroz, R.L. aDante Gabriel Rossetti painter poets of heaven in earth aFirst c1906 aEnglish20220125171154.0